UM Logo

The contemporary world / (Record no. 24089)

MARC details
000 -LEADER
fixed length control field 00706nam a22002057a 4500
005 - DATE AND TIME OF LATEST TRANSACTION
control field 20251021095502.0
008 - FIXED-LENGTH DATA ELEMENTS--GENERAL INFORMATION
fixed length control field 251021b ||||| |||| 00| 0 eng d
020 ## - INTERNATIONAL STANDARD BOOK NUMBER
International Standard Book Number 9789719818328
082 ## - DEWEY DECIMAL CLASSIFICATION NUMBER
Classification number DFil 337 C571 2022
100 ## - MAIN ENTRY--PERSONAL NAME
Personal name Claudio, Lisandro E.
9 (RLIN) 31523
245 ## - TITLE STATEMENT
Title The contemporary world /
Statement of responsibility, etc. Lisandro E. Claudio and Patricio N. Abinales.
260 ## - PUBLICATION, DISTRIBUTION, ETC. (IMPRINT)
Place of publication, distribution, etc. Quezon City :
Name of publisher, distributor, etc. C & E Publishing,Inc.,
Date of publication, distribution, etc. ©2022.
300 ## - PHYSICAL DESCRIPTION
Extent xii, 184 pages ;
Other physical details illustrations :
Dimensions 22 cm.
500 ## - GENERAL NOTE
General note Includes bibliographical references and index.
650 ## - SUBJECT ADDED ENTRY--TOPICAL TERM
Topical term or geographic name as entry element Globalization.
9 (RLIN) 31524
650 #0 - SUBJECT ADDED ENTRY--TOPICAL TERM
Topical term or geographic name as entry element World economics.
9 (RLIN) 68943
700 ## - ADDED ENTRY--PERSONAL NAME
Personal name Abinales, Patricio N.
Relator term author.
9 (RLIN) 68944
365 ## - TRADE PRICE
Price amount 395.00
Currency code Php.
942 ## - ADDED ENTRY ELEMENTS (KOHA)
Source of classification or shelving scheme Dewey Decimal Classification
Koha item type Filipiniana
Holdings
Withdrawn status Lost status Source of classification or shelving scheme Damaged status Not for loan Collection code Home library Current library Shelving location Date acquired Source of acquisition Cost, normal purchase price Total Checkouts Full call number Barcode Date last seen Date last checked out Price effective from Koha item type
    Dewey Decimal Classification     Filipiniana UM Digos College - LIC UM Digos College - LIC Book Cart 08/11/2025 Purchased 395.00 1 DFil 337 C571 2022 29190 01/27/2026 01/24/2026 10/21/2025 Filipiniana